| 000 | 00570nam a2200169 a 4500 | ||
|---|---|---|---|
| 008 | 120416s1974 ||||||||||||||||| || u | ||
| 050 | _aHD 20.5 Hil | ||
| 100 | _aHillier, Frederick S | ||
| 245 | 1 | 0 | _aOperations research. (2nd ed.) |
| 250 | _a2nd ed. | ||
| 260 |
_aSan Francisco: _bHolden-Day _c1974 |
||
| 300 | _axi, 800p. : ill. | ||
| 350 | _a0.00 | ||
| 650 | _aINDUSTRY | ||
| 650 | 0 | _aOPERATIONS RESEARCH | |
| 995 |
_D0.00 _FCBU-MAIN LIBRARY (Kitwe) _H1 _I0.00 _M1 _UAVAILABLE _ZMain Library Open Access Collection |
||
| 999 |
_c52685 _d52685 |
||